| Поле | Название | Значение |
| |
Тип записи |
a |
| |
Библиографический уровень |
m |
| 001 |
Контрольный номер |
eb090da822a640b4a4e2ee5e5b5fcddb |
| 005 |
Дата корректировки |
20140625134137.1 |
| 010 |
Индекс ISBN |
__ |
| a |
ISBN |
5-7975-0444-8 |
| 200 |
Заглавие и сведения об ответственности |
1_ |
| a |
Заглавие |
Экономика труда |
| e |
Сведения, относящиеся к заглавию |
учебник |
| f |
Первые сведения об ответственности |
[Т.П.Варна и др.];под ред.П.Э.Шлендера и Ю.П.Кокина |
| 210 |
Выходные данные |
1_ |
| a |
Место издания |
М. |
| c |
Издательство |
Юристъ |
| d |
Дата издания |
2003 |
| 215 |
Физическое описание |
__ |
| a |
Объем |
588 с. |
| 300 |
Общие примечания |
__ |
| a |
Общие примечания |
гриф МО |
| 610 |
Ключевые слова |
0_ |
| a |
Ключевые слова |
экономика труда |
| 610 |
Ключевые слова |
0_ |
| a |
Ключевые слова |
рынок труда |
| 610 |
Ключевые слова |
0_ |
| a |
Ключевые слова |
занятость населения |
| 610 |
Ключевые слова |
0_ |
| a |
Ключевые слова |
производительность труда |
| 610 |
Ключевые слова |
0_ |
| a |
Ключевые слова |
заработная плата |
| 610 |
Ключевые слова |
0_ |
| a |
Ключевые слова |
социальная политика |
| 610 |
Ключевые слова |
0_ |
| a |
Ключевые слова |
доходы населения |
| 610 |
Ключевые слова |
0_ |
| a |
Ключевые слова |
трудовые отношения |
| 610 |
Ключевые слова |
0_ |
| a |
Ключевые слова |
учебник |
| 610 |
Ключевые слова |
0_ |
| a |
Ключевые слова |
гриф МО |
| 686 |
Индексы других классификаций |
__ |
| a |
Классификационный индекс |
65.9(2)24я73 |
| 2 |
Код системы |
rubbk |
| 801 |
Источник записи |
_0 |
| a |
Страна |
RU |
| b |
Организация |
РУК |
| c |
Дата составления |
20050202 |
| g |
Правила каталогизации |
PSBO |
| 801 |
Источник записи |
_1 |
| a |
Страна |
RU |
| b |
Организация |
РУК |
| c |
Дата составления |
20050202 |
| g |
Правила каталогизации |
PSBO |
| 852 |
Данные о местонахождении |
__ |
| i |
Авторский знак |
Э40 |
| j |
Шифр хранения |
ББК 65.9(2)24 |
| 901 |
Тип документа |
__ |
| t |
Тип документа |
m |
| 938 |
Служебная информация |
__ |
| a |
Название организации |
Головной вуз |
| b |
Имя БД |
BOOK |
| c |
Название АИБС |
АИБС ИРБИС |
| 952 |
Тип литературы |
__ |
| b |
Гриф литературы для ВШ |
гриф МО |